[Event "San Vicente Terminal-A"]
[Site "Concepcion"]
[Date "2021.11.13"]
[Round "2"]
[White "Farfan Ortiz, Victor"]
[Black "Cruz Molina, Nicolas Dieter"]
[Result "1-0"]
[WhiteElo "2099"]
[BlackElo "2077"]
[PlyCount "45"]
[EventDate "2021.11.13"]
[EventType "tourn"]
[EventRounds "5"]
[EventCountry "CHI"]
[SourceTitle "EXT 2023"]
[Source "ChessBase"]
[SourceDate "2022.10.05"]
[SourceVersion "1"]
[SourceVersionDate "2022.10.05"]
[SourceQuality "1"]

1. e4 c6 2. d4 d5 3. exd5 cxd5 4. c4 Nf6 5. Nc3 Nc6 6. Bg5 Be6 7. Nf3 h6 8. Bxf6 exf6 9. a3 Be7 10. Be2 0-0 11. 0-0 Na5 12. c5 a6 13. b4 Nc6 14. Qb3 f5 15. Rad1 Bf6 16. Rfe1 g5 17. Bf1 g4 18. Ne5 Bxe5 19. dxe5 d4 20. Bc4 Qe7 21. Ne2 Bxc4 22. Qxc4 Qxe5 23. Nxd4 1-0

[Event "Concepcion BioBio"]
[Site "Concepcion"]
[Date "2021.09.25"]
[Round "3"]
[White "Fica Cruz, Joaquin"]
[Black "Cruz Molina, Nicolas Dieter"]
[Result "1/2-1/2"]
[WhiteElo "1949"]
[BlackElo "2076"]
[PlyCount "51"]
[EventDate "2021.09.25"]
[EventType "tourn"]
[EventRounds "5"]
[EventCountry "CHI"]
[SourceTitle "EXT 2023"]
[Source "ChessBase"]
[SourceDate "2022.10.05"]
[SourceVersion "1"]
[SourceVersionDate "2022.10.05"]
[SourceQuality "1"]

1. d4 Nf6 2. Nf3 g6 3. g3 Bg7 4. Bg2 0-0 5. 0-0 d5 6. c4 c6 7. cxd5 cxd5 8. Ne5 Nc6 9. Nxc6 bxc6 10. Nc3 e5 11. dxe5 Ng4 12. Qa4 Qb6 13. h3 Nxe5 14. Be3 Qa6 15. Bc5 Re8 16. Bd4 Qxa4 17. Nxa4 Nf3+ 18. Bxf3 Bxd4 19. Rfd1 Bg7 20. Rac1 Bxh3 21. Rxc6 Bd7 22. Ra6 Bb5 23. Ra5 Bxe2 24. Bxe2 Rxe2 25. Rdxd5 Rc8 26. Rxa7 1/2-1/2

[Event "Concepcion Hexagonal U2200"]
[Site "Concepcion"]
[Date "2016.05.21"]
[Round "2.2"]
[White "Fica Cruz, Joaquin"]
[Black "Cruz Molina, Nicolas Dieter"]
[Result "0-1"]
[WhiteElo "1957"]
[BlackElo "2078"]
[PlyCount "58"]
[EventDate "2016.05.07"]
[EventType "tourn"]
[EventRounds "10"]
[EventCountry "CHI"]
[SourceTitle "EXT 2024"]
[Source "ChessBase"]
[SourceDate "2023.10.10"]
[SourceVersion "1"]
[SourceVersionDate "2023.10.10"]
[SourceQuality "1"]

1. e4 c5 2. Nf3 d6 3. d4 cxd4 4. Nxd4 Nf6 5. f3 e5 6. Nb3 d5 7. Bg5 Be6 8. exd5 Qxd5 9. Nc3 Bb4 10. Bxf6 gxf6 11. Qxd5 Bxd5 12. 0-0-0 Be6 13. Nb5 Na6 14. c3 Be7 15. Na5 b6 16. Nc6 Bxa2 17. Nd6+ Bxd6 18. Bxa6 Kd7 19. Bb5 Kc7 20. Nb4 Bxb4 21. Rd7+ Kc8 22. Rhd1 a6 23. Bc6 Be6 24. R7d2 Ra7 25. cxb4 Bb3 26. Re1 Rc7 27. Rd6 Ba4 28. Rxf6 Bxc6 29. Rxe5 Rd8 0-1

[Event "CHI-ch sf"]
[Site "Concepcion"]
[Date "2015.12.19"]
[Round "5.4"]
[White "Sanchez Sandoval, Gonzalo"]
[Black "Cruz Molina, Nicolas Dieter"]
[Result "1-0"]
[WhiteElo "2154"]
[BlackElo "2051"]
[PlyCount "48"]
[EventDate "2015.12.17"]
[EventType "swiss"]
[EventRounds "7"]
[EventCountry "CHI"]
[SourceTitle "EXT 2024"]
[Source "ChessBase"]
[SourceDate "2023.10.10"]
[SourceVersion "1"]
[SourceVersionDate "2023.10.10"]
[SourceQuality "1"]

1. e4 c5 2. Nf3 d6 3. Bb5+ Bd7 4. Bxd7+ Qxd7 5. c4 Nc6 6. d4 cxd4 7. Nxd4 g6 8. Nc3 Bg7 9. Nc2 Nf6 10. f3 0-0 11. 0-0 Rac8 12. Bg5 Ne5 13. b3 Qc7 14. Kh1 Qa5 15. Qd2 Rfe8 16. Rfd1 a6 17. Bxf6 exf6 18. a4 Nc6 19. Nd5 Qxd2 20. Rxd2 Re5 21. Nce3 Bh6 22. f4 Re6 23. Rf2 Kg7 24. Raf1 Nd4 1-0

[Event "Concepcion Primera Categoria"]
[Site "Concepcion"]
[Date "2015.07.30"]
[Round "4"]
[White "Sanhueza Ortiz, Gonzalo"]
[Black "Cruz Molina, Nicolas Dieter"]
[Result "0-1"]
[WhiteElo "1924"]
[BlackElo "2040"]
[PlyCount "92"]
[EventDate "2015.07.20"]
[EventType "tourn"]
[EventRounds "9"]
[EventCountry "CHI"]
[SourceTitle "EXT 2024"]
[Source "ChessBase"]
[SourceDate "2023.10.10"]
[SourceVersion "1"]
[SourceVersionDate "2023.10.10"]
[SourceQuality "1"]

1. d4 Nf6 2. Nf3 e6 3. Bg5 h6 4. Bh4 b6 5. e3 Bb7 6. Nbd2 d6 7. Bd3 g5 8. Bg3 Nh5 9. 0-0 Bg7 10. c3 Nd7 11. Qe2 Qe7 12. b4 e5 13. Ne1 Nxg3 14. fxg3 a6 15. Nc2 0-0 16. Rae1 c5 17. Bf5 Rac8 18. Nc4 Rce8 19. Bxd7 Qxd7 20. Nxb6 Qc7 21. dxc5 dxc5 22. Nc4 cxb4 23. cxb4 Bd5 24. N2a3 Rb8 25. Rb1 Rfc8 26. Rfc1 Be4 27. Rb3 Bf8 28. Qb2 Bd5 29. Rcc3 Qe7 30. b5 Qe6 31. Qc2 a5 32. e4 Bxc4 33. Rxc4 Bxa3 34. Rxc8+ Rxc8 35. Qd3 Bc5+ 36. Kf1 Qf6+ 37. Qf3 Kg7 38. Ke2 Qe6 39. Qd3 Bd4 40. h4 f6 41. hxg5 hxg5 42. a4 Qb6 43. Ra3 Rc1 44. Kd2 Qc5 45. Ra2 Rg1 46. Qf3 Qc1+ 0-1

[Event "Concepcion Mayor"]
[Site "Concepcion"]
[Date "2014.03.19"]
[Round "7"]
[White "Farfan Ortiz, Victor"]
[Black "Cruz Molina, Nicolas Dieter"]
[Result "1-0"]
[WhiteElo "2206"]
[BlackElo "2049"]
[PlyCount "39"]
[EventDate "2014.03.10"]
[EventType "tourn"]
[EventRounds "9"]
[EventCountry "CHI"]
[SourceTitle "EXT 2024"]
[Source "ChessBase"]
[SourceDate "2023.10.10"]
[SourceVersion "1"]
[SourceVersionDate "2023.10.10"]
[SourceQuality "1"]

1. Nf3 d5 2. d4 e6 3. c4 c6 4. Qc2 f5 5. g3 Nf6 6. Bg2 Bd6 7. 0-0 0-0 8. b3 Qe7 9. Bb2 Ne4 10. Ne5 Nd7 11. f3 Ng5 12. Nd2 f4 13. Qd3 c5 14. e3 cxd4 15. Nxd7 fxg3 16. Nxf8 e5 17. f4 e4 18. Qxd4 Nh3+ 19. Kh1 Kxf8 20. Qxd5 1-0

[Event "Concepcion Mayor"]
[Site "Concepcion"]
[Date "2014.03.12"]
[Round "2.4"]
[White "Alarcon Mondrus, Rodrigo"]
[Black "Cruz Molina, Nicolas Dieter"]
[Result "1-0"]
[WhiteElo "2165"]
[BlackElo "2049"]
[PlyCount "77"]
[EventDate "2014.03.10"]
[EventType "tourn"]
[EventRounds "9"]
[EventCountry "CHI"]
[SourceTitle "EXT 2024"]
[Source "ChessBase"]
[SourceDate "2023.10.10"]
[SourceVersion "1"]
[SourceVersionDate "2023.10.10"]
[SourceQuality "1"]

1. d4 d5 2. c4 c6 3. Nf3 e6 4. Nc3 f5 5. Bf4 Bd6 6. e3 Nf6 7. c5 Bc7 8. Bd3 0-0 9. 0-0 Ne4 10. Bxc7 Qxc7 11. Bxe4 fxe4 12. Ne5 Nd7 13. f4 exf3 14. Nxf3 e5 15. e4 b6 16. exd5 exd4 17. d6 Qd8 18. Qxd4 Ba6 19. Rfe1 bxc5 20. Qd2 Qf6 21. Re7 Nb6 22. Ne4 Qg6 23. Ne5 Qf5 24. Ng3 Qf6 25. h3 Rfd8 26. Nxc6 Rxd6 27. Qe3 Nc4 28. Re8+ Kf7 29. Re7+ Kg8 30. Qe2 Nxb2 31. Re8+ Kf7 32. Qh5+ g6 33. Re7+ Kf8 34. Qxh7 Rxc6 35. Rae1 Rd8 36. Qh6+ Kg8 37. Re8+ Rxe8 38. Rxe8+ Kf7 39. Qf8# 1-0

[Event "Pan American-ch U16"]
[Site "Mar del Plata"]
[Date "2009.08.21"]
[Round "9"]
[White "Cruz Molina, Nicolas Dieter"]
[Black "Huang, Vincent"]
[Result "1-0"]
[WhiteElo "1986"]
[BlackElo "2063"]
[PlyCount "49"]
[EventDate "2009.08.16"]
[EventType "swiss"]
[EventRounds "9"]
[EventCountry "ARG"]
[SourceTitle "EXT 2022"]
[Source "ChessBase"]
[SourceDate "2021.10.06"]
[SourceVersion "1"]
[SourceVersionDate "2021.10.06"]
[SourceQuality "1"]

1. e4 e5 2. Nf3 Nc6 3. d4 exd4 4. Bc4 Bc5 5. Ng5 Nh6 6. Nxf7 Bb4+ 7. c3 dxc3 8. bxc3 Bxc3+ 9. Nxc3 Nxf7 10. Bxf7+ Kxf7 11. Qh5+ Kg8 12. Qd5+ Kf8 13. Qf5+ Kg8 14. Qd5+ Kf8 15. Bg5 Ne7 16. Qc4 c6 17. Rd1 Qa5 18. Bd2 Qh5 19. 0-0 Ke8 20. Rfe1 Rf8 21. e5 Kd8 22. Qc5 Qg6 23. Ne4 h6 24. Ba5+ b6 25. Bxb6+ 1-0